MARC

LEADER 00000nas a2200000 a 4500
001 ssj0000650269
003 WaSeSS
005 20200512172242.0
006 m d
007 cr n
008 091109c19959999sp fr p s 0 0spa
010 |a  2009213589 
015 |a 018359191  |2 dnb 
016 7 |a 1333647-2  |2 DE-600 
016 7 |a 018359191  |2 DE-101 
022 |l 1137-8654  |y 1137-8654 
024 8 |a 97700638 
035 |a (WaSeSS)ssj0000650269 
040 |a DLC  |b eng  |c DLC  |d GBVCP  |d OCoLC  |d DLC  |d OCLCO  |d OCoLC  |d OCLCF  |d OCLCO  |d CU-S  |d WaSeSS 
041 0 |a spa  |a eng  |b eng 
042 |a pcc 
043 |a e-sp--- 
050 0 0 |a LB43  |b .R485 
210 0 |a Rev. esp. educ. comp. 
222 0 |a Revista española de educación comparada 
245 0 0 |a Revista española de educación comparada  |h [electronic resource] /  |c Sociedad Española de Educación Comparada. 
246 3 |a REEC 
260 |a Madrid :  |b Universidad Nacional de Educación a Distancia, Servicio de Publicaciones 
310 |a Semiannual,  |b 2011- 
321 |a Annual,  |b 1995-2010 
362 1 |a Began in 1995. 
506 |a License restrictions may limit access. 
546 |a Summaries in English; some articles in English. 
588 |a Description based on: No. 14 (2008). 
588 |a Latest issue consulted: No. 21 (primavera 2013). 
650 0 |a Comparative education  |v Periodicals. 
650 7 |a Comparative education.  |2 fast  |0 (OCoLC)fst00871331 
655 0 |a Electronic journals. 
710 2 |a Sociedad Española de Educación Comparada. 
710 2 |a Universidad Nacional de Educación a Distancia. 
850 |a DLC 
856 4 0 |z Full text available from PRISMA Database with HAPI Index: 01/01/1995 to 01/31/2015  |u https://search.proquest.com/publication/2041382